| 000 | 01912cam a2200181 4500500 | ||
|---|---|---|---|
| 005 | 20260405065315.0 | ||
| 041 | _afre | ||
| 042 | _adc | ||
| 100 | 1 | 0 |
_aComité national pilote d’éthique du numérique _eauthor |
| 700 | 1 | 0 |
_aComité national pilote d’éthique du numérique _eauthor |
| 700 | 1 | 0 |
_aGermain, Éric _eauthor |
| 700 | 1 | 0 |
_aKirchner, Claude _eauthor |
| 700 | 1 | 0 |
_aTessier, Catherine _eauthor |
| 245 | 0 | 0 | _aPour une éthique du numérique |
| 260 |
_bPresses Universitaires de France,
_c2022. |
||
| 520 | _aLe monde vit une profonde conversion numérique. Entré dans notre vocabulaire au tournant des années 2000, le numérique modifie les méthodes scientifiques et les démarches techniques. Il participe à l’environnement social et culturel global dans lequel nous vivons etunedémarche éthiquespécifique s’y rapporte. Cet ouvrage abordeles influences importantes et durables des technologies numériques sur l’être humain et la fascination provoquée par les machines qui imitent le vivant, mais aussi la remise en jeu, radicale et universelle, de la manière dont nous considérons aujourd’hui l’autonomie humaine, les rapports sociaux et politiques. Ils mettent en lumière enfin les apports du numérique aux objectifs de développement durable, notamment pour l’éducation, la culture, la santé, la justice sociale, l’économie, l’environnement. Les membres de Comité national pilote d’éthique du numérique et plusieurs de leurs collègues illustrent ces différents aspects au travers de textes courts explicitant les concepts et les défis et en donnant des exemples issus de leurs travaux sur les véhicules dits autonomes, la reconnaissance faciale, les chatbots ou les dilemmes issus de la lutte contre la désinformation. | ||
| 856 | 4 | 1 | _uhttps://shs.cairn.info/pour-une-ethique-du-numerique--9782130833482?lang=fr&redirect-ssocas=7080 |
| 999 |
_c2194929 _d2194929 |
||